000 01669nam a2200361 c 4500
999 _c160984
_d160984
003 BLK
005 20240614162117.0
008 180410b bul|||||r ||||||| ||bul||
010 _aKNG00168277000
040 _aBLK
041 _aBUL
_cBUL
072 7 _2bullib
_aК
_xКраезнание
080 _aБългарска литература
_b821.163.2
_x-4
_z821.163.2-4
100 _aСеверняк, Серафим
_cпсевд.
_gБълг. писател, журналист, редактор, драматург
_d1930 - 1988
_qСерафимов, Серафим Николов
_9374151
139 _aСеверни цветя
_bС 30
245 1 0 _aИзкачване на Еверест
_bОтражения на неотразимото : Очерци
_cСерафим Северняк; * Серафим Николов Серафимов.
257 _aBGR
260 _aСофия
_bБЗНС
_c1979
300 _a472 с.
_bс ил.
_c20,5 см
380 _aX
500 _aИстинското име на авт. е Серафим Николов Серафимов. Изд. е посветено на 1300-год. от основаването на бълг. държава. 15 150 тир.
659 _aК
700 1 _aСерафимов, Серафим Николов
_e*
_9306551
852 _aЦб 101270
852 _aК 821.163.2/С 30 С
856 4 _qpdf
_i0.00
_ldisable
856 4 _qpdf
_i0.00
_ldisable
942 _cKNG
_n0
_s1
944 _aCR
_c03.12.2014
_lСевдалина Тодорова
_k30540
944 _aED
_c03.12.2014
_l03.12.2014 - от С1,Р / 03.12.2014
999 _d160984
999 _d160984